000 00442nam a2200181Ia 4500
008 191130s2008##################000#0#eng##
020 _a9780571230662
040 _aACL
_cACL
082 _a823.92 KIN
100 _aKing, Daren
245 _aManual
_cDaren King
260 _aLondon
_bFaber and Faber
_c2008
300 _a240 p
650 _aFiction
990 _a30b8da34ac10000c77879bde4b0cb0f7
991 _a403061
999 _c378287
_d378287